| 000 | 00484nam a2200145Ia 4500 | ||
|---|---|---|---|
| 008 | 211109s9999||||xx |||||||||||||| ||und|| | ||
| 082 |
_a494.812 _bGUN-M |
||
| 100 | _aGundert, Hermann | ||
| 245 | 0 | _aMalayalam and English Dictionary | |
| 260 |
_bSahithya Pravarthaka... _aKottayam _c1962 |
||
| 300 | _a988 | ||
| 630 | _xPGR-HERMAN GUNDART COLLECTION | ||
| 650 |
_aEnglish Language _vHerman Gundart Malayalam Literature HistoryHistory of Malayalam Literature _xGeneralia |
||
| 942 | _cBOOK | ||
| 999 |
_c22367 _d22367 |
||